Which City In Russia? - Statistics

General Stats
  • This quiz has been taken 17 times
  • The average score is 6 of 18
Answer Stats
Hint Answer % Correct
The capital Moscow
100%
The Northern Capital St Petersburg
93%
The 2014 Winter Olympic Games were held in this city. Sochi
86%
In the past, Stalingrad Volgograd
86%
A city separated from mainland Russia Kaliningrad
71%
The city where the meteorite fell in 2013 Chelyabinsk
36%
The city where Lenin was born Ulyanovsk
29%
The city is named after a German scientist and historian. Engels
21%
In which Russian city across the river is there a Chinese city Blagoveshensk
7%
Textile Center of Russia Ivanovo
7%
A city named after a Soviet statesman Kirov
7%
a city famous for its gingerbread and samovars Tula
7%
The oldest city in Russia Derbent
0%
The largest city in the Urals Ekaterinburg
0%
The city, which translates from the language of the local people as "red" Kyzyl
0%
Which city was Mikhail Krug aiming for in his song Magadan
0%
The city was founded in 1666 Ulan-Ude
0%
Dairy Center of Russia Vologda
0%
No matching quizzes found
Score Distribution
Percent of People with Each Score
Percentile by Number Answered
Your Score History
You have not taken this quiz